000 00473pab a2200145 454500
008 180718b2005 xxu||||| |||| 00| 0 eng d
100 _aLawther, Wendell C.
245 _aPublic-private partnerships in transportation policy: the case of advanced traveler information systems
260 _c2005
300 _ap.1117-134.
650 _aTransport policy
650 _aPublic private partnership
773 _aInternational Journal of Public Administration
909 _a67881
999 _c67881
_d67881